00673 2200241 4500001002100000005001700021008004100038020002200079035002500101040001200126082001500138084001700153100001300170245008200183250001100265260003300276300002300309504003100332650001900363700001900382850001200401990001800413INLIS00000000001256920150912104717.0  a978-602-7723-32-0 a0010-091500000001082 aYOPDYOG 223a371.36 a371.36 Iva K aIVA Rifa aKoleksi games eduktif di dalam dan luar sekolahc/ Iva Rifa; Editor, Coky Az. aCet. 1 aJogjakartabDiva Pressc2012 a256 hlm.c; 20 cm. aBibliografi : hlm. 253-254 aMetode Belajar aCOKY Aditya Z. aYOPDYOG a50638-PD/A.15